000 01758cam a2200433 a 4500
001 15692558
005 20170105102906.0
008 090408s2009 dcu b 001 0 eng
010 _a 2009015028
015 _aGBA974898
_2bnb
016 7 _a015337493
_2Uk
020 _a9781597972239 (alk. paper)
020 _a1597972231 (alk. paper)
035 _a(OCoLC)ocn319602625
040 _aDLC
_cDLC
_dUKM
_dC#P
_dCDX
_dDLC
043 _an-us---
_ae-gx---
050 0 0 _aE183
_b.F64 2009
082 0 0 _a306.20973
_222
100 1 _aFogarty, Brian E.
245 1 0 _aFascism :
_bwhy not here? /
_cBrian E. Fogarty.
250 _a1st ed.
260 _aWashington, D.C. :
_bPotomac Books,
_cc2009.
300 _ax, 229 p. ;
_c24 cm.
504 _aIncludes bibliographical references and index.
505 0 _aCause and culture -- Romanticism -- Populism -- Nationalism -- Racism -- Authoritarianism -- Can it happen here?
650 0 _aPolitical culture
_zUnited States.
650 0 _aFascism
_zUnited States.
650 0 _aNational characteristics, American.
650 0 _aPolitical culture
_zGermany
_xHistory
_y20th century.
650 0 _aFascism
_zGermany
_xHistory
_y20th century.
650 0 _aNational characteristics, German.
651 0 _aUnited States
_xCivilization.
651 0 _aUnited States
_xPolitics and government
_y1989-
651 0 _aGermany
_xPolitics and government
_y1918-1933.
651 0 _aGermany
_xPolitics and government
_y1933-1945.
906 _a7
_bcbc
_corignew
_d1
_eecip
_f20
_gy-gencatlg
942 _2ddc
_cBK
999 _c14863
_d14863